000 00539nam a22002177a 4500
003 UA-OsUOA
001 42792
007 ta
008 20061121b un ||||| |||| 00| 0 ukr d
100 _aРешетилова О.
090 _a908
_bР-11
942 _cSA
040 _aUA-OsUOA
_bukr
_cUA-OsUOA
_dUA-OsUOA
245 _aКращі традиції українського друкарства
300 _aС.2
955 _a0
041 _aukr
080 _a908
773 0 _w42791
650 7 _a908 Краєзнавство
_2UDC
999 _c328939
_d328939